Дело о ремонтных работах Александринского театра на 1917 год

Доступно только в Электронных читальных залах Найти на картеНа карте
RUSMARC
00003819nmc2a22002533x 450
001945c14f8-fe98-4391-ab6e-41b0b6f80290
00520210422162025.0
100##$a20210208l19171917k l0rusy0189 ca
1010#$arus
102##$aRU
105##$ay###
1222#$ad
2001#$aДело о ремонтных работах Александринского театра на 1917 год
$j17 января - 4 мая 1917 г.
$hЧасть 3
215##$a6 л.
$d36,5х26 см
251##$cДело
300##$aНа бланке обложки указано: "Дело хозяйственного отделения Петроградской конторы императорских театров"
300##$a§2-4а
371##$aДокумент не является опубликованным и широко распространяемым
461#0$10019264ebf8-de62-4f1a-9eb4-9f22098dbbd5
$12001
$aДирекция императорских театров МИДв
$1251
$cФонд
$1852
$j497
462#0$100157374a90-53af-4386-b127-820db06313ee
$12001
$aДела хозяйственной части Дирекции императорских театров
$1251
$cОпись
$1852
$j9
801#0$aRU
$bРГИА
$c20210208
$gRCR
801#1$aRU
$bГлавНИВЦ
$c20210208
$2rusmarc
801#2$aRU
$bПБ им. Б.Н. Ельцина
$c20210422
$gRCR
$2rusmarc
850##$aРГИА
852##$aРГИА
$eФедеральное казенное учреждение "Российский государственный исторический архив" (РГИА)
$j1537
937##$hРГИА
$d12354463
$aASBIBLIO_SCAN
035##$aRusGRCC00018320
856##$uhttp://readingroom.main.prlib.ru/item.aspx?id_node=n163088726&mode=full
Формат отображения